000 00803nam a2200241Ia 4500
003 GCL
008 140319s9999 xx 000 0 ara d
040 _aGCL /
_cGCL
082 0 4 _a910.02
_bج ع
100 1 _aجودة حسنين جودة
245 1 0 _aالعصر الجليدى : وعصور المطر فى صحارى العالم الاسلامى /
_cجودة حسنين جودة
260 _a[S.N] :
_bدار النهضة العربية للطباعة والنشر ،
_c1980
300 _a272 ص
490 _a
650 0 4 _aالجغرافيا الطبيعية
650 0 4 _aالجغرافيا
650 0 4 _aالمناخ
650 0 4 _aالعالم الاسلامى
650 0 4 _aالصحارى
650 0 4 _aالامطار
650 0 4 _aالظواهر الجوية
942 _2ddc
_cBK
999 _c37176
_d37176